000
00277nam a22001337a 4500
008
180922b xxu||||| |||| 00| 0 eng d
020
_a
9781610916103
041
_a
eng
080
_a
371
100
_a
25
101
_a
EDU
245
_a
Leadership
_c
Lussier
942
_2
udc
_c
BK
999
_c
48252
_d
48252